000 00505nam a2200205Ia 4500
001 27355
008 140414s9999 xx 000 0 und d
020 _a0-13-660135-9
040 _cPK-LaUMT
082 _a 515
_bBRA-C
100 _aGerald L. Bradley
245 _aCalculus
_cGerald L. Bradley<>Karl J. Smith
250 _a2nd
260 _aUpper Saddle River,USA:
_bPrentice Hall,
_c1999
300 _a1070+106 p.
546 _aEN
650 _aCalculus
700 _aKarl J. Smith
942 _cBK
999 _c27493
_d27493